| 000 | 01160nas a2200349 4500 | ||
|---|---|---|---|
| 001 | BR2015006575 | ||
| 003 | BR-BrBNA | ||
| 005 | 20231205125941.0 | ||
| 007 | ta | ||
| 008 | 230509b bl.|||p| |||| 00| 00por d | ||
| 040 |
_aBR-BrBNA _bpor _cBiblioteca Nacional de Agricultura |
||
| 041 | _a(Pt) | ||
| 072 | _aK10 | ||
| 100 | 1 | _aVieira, C.R. | |
| 100 | 1 | _aSilva, A.P. da | |
| 100 | 1 | _aWeber, O.L. dos S. | |
| 100 | 1 | _aScaramuzza, J.F. | |
| 245 | 1 | _aCaracterísticas do solo e das mudas de teca em função da adição de lodo do caleiro | |
| 246 | 1 | _aCharacteristics of the soil and the seedlings of teak plants submeted to liming sludge | |
| 650 | _aTECA | ||
| 650 | _aTECTONA GRANDIS | ||
| 650 | _aMUDA | ||
| 650 | _aSALINIDADE | ||
| 650 | _aLODO RESIDUAL | ||
| 650 | _aCRESCIMENTO | ||
| 650 | _aPRODUCAO FLORESTAL | ||
| 650 | _aQUIMICA DO SOLO | ||
| 773 | 0 |
_tEcologia e Nutrição Florestal (Brazil) _xISSN 2316-980X _g(May-Aug 2014), v. 2(2) p. 32-45 _wBR2015006575 |
|
| 856 | 4 | 0 | _uhttp://cascavel.ufsm.br/revistas/ojs-2.2.2/index.php/enflo/article/view/15279/pdf |
| 909 |
_a202311 _bLúcia _c55 _dLúcia Elande |
||
| 942 |
_2AGRIS _n0 _cANA |
||
| 999 |
_c247069 _d247069 |
||